000 00978nam a22002297a 4500
999 _c12230
_d12230
003 AR-CdUCM
008 190408b ||||| |||| 00| 0 spa d
040 _aMUNICIPALIDAD PROVINCIAL DEL CUSCO
_cBIBLIOTECA MUNICIPAL DEL CUSCO
082 _a848.4 /
_bB75 / 1786
100 _aBusquet, Jacobo Benigno
_929984
245 _ahistoria de las variaciones de las iglesias protestantes y exposición de la doctrina de la iglesia católica :
_bsobre los puntos de controversia /
260 _aMadrid :
_bReal compañía,
_c1786.
300 _a214 páginas ;
_c21 cm.
505 _aContenido: t.4. De las cosas mas notables, contenidas en este libro de la exposición, sobre las quales importa ver la doctrina al principio de él.
650 _aHistoria
_9136
650 _aIglesia protestante
_929985
650 _aIglesia católica
_93151
650 _aDoctrina
_91208
700 _aFernández, Miguel Joseph (traductor)
_929986
942 _2ddc
_cLIBROS
945 _aacv
_d08/04/2019